=LDR 00000nam 2200000 4500 =001 INLIS000000000006421 =005 20251107024713 =035 ##$$a 0010-1125000295 =007 ta =008 251107###########################0#ind## =082 ##$$a 363.96 =084 ##$$a 363.96 JEA v =100 #$$a Jeannette Barten =245 1#$$a Village-Based Family Planning In North Sulawesi /$c Badan Koordinasi Keluarga Berencana Nasional =260 ##$:$b Badan Koordinasi Keluarga Berencana Nasional =300 ##$$a 18 Hal : $b Ilus ; $c 21 =650 #4$$a Keluarga Berencana =700 #$$a B. A. Supit =700 #$$a Harianto =856 ##$$a Perpustakaan Kemendukbangga